[Event "DLM 2008"]
[Site "Dresden GER"]
[Date "2008.11.16"]
[Round "4"]
[White "Schöbel, Ulrike"]
[Black "Schmitt, Carsten"]
[Result "1/2-1/2"]
[Termination "normal"]
[Board "9.7"]
[WhiteElo "1720"]
[BlackElo "1383"]
[WhiteTeam "Mecklenburg-Vorpommern"]
[BlackTeam "Saarland"]
[PlyCount "40"]
[BlackFideId "24661040"]
[EventCountry "GER"]
[EventRounds "7"]
[EventType "team-swiss"]
[EventDate "2008.11.13"]

1. d4 d5 2. Nf3 Nf6 3. Bf4 Bf5 4. Nbd2 e6 5. e3 c6 6. c3 Nbd7 7. Be2 Be7 8. h3
h6 9. O-O Rg8 10. c4 g5 11. Bh2 g4 12. hxg4 Bxg4 13. cxd5 exd5 14. Qc2 Bb4 15.
Bd3 Nh5 16. e4 Bxd2 17. Nxd2 Bh3 18. Bg3 Nxg3 19. fxg3 Rxg3 20. Rf2 Qg5 1/2-1/2

[Event "DLM 2008"]
[Site "Dresden GER"]
[Date "2008.11.16"]
[Round "4"]
[White "Puffay, Jana"]
[Black "Wulf, Constanze"]
[Result "0-1"]
[Termination "normal"]
[Board "9.8"]
[WhiteElo "1109"]
[BlackElo "970"]
[WhiteTeam "Saarland"]
[BlackTeam "Mecklenburg-Vorpommern"]
[PlyCount "54"]
[WhiteFideId "24692360"]
[BlackFideId "24692379"]
[EventCountry "GER"]
[EventRounds "7"]
[EventType "team-swiss"]
[EventDate "2008.11.13"]

1. e4 d6 2. Nc3 Nf6 3. Bc4 g6 4. Nf3 Bg7 5. d3 O-O 6. Be3 c5 7. Qd2 Re8 8. h3
a6 9. Bh6 Bh8 10. Ng5 e6 11. Qf4 Nc6 12. O-O Re7 13. Ne2 b5 14. Bb3 Bb7 15.
Rad1 Qc7 16. c4 b4 17. d4 cxd4 18. Nxd4 Nxd4 19. Rxd4 e5 20. Qh4 exd4 21. f3 a5
22. a4 Ba6 23. Rc1 Rc8 24. Qf4 Qb8 25. Ba2 Rc5 26. h4 Rd7 27. Nh3 b3 0-1